Women suicide bombers (Registro nro. 311437)

Detalles MARC
000 -ENCABEZADO
Número de control [NR] 02803cam a2200385 a 4500
001 - NÚMERO DE CONTROL
control field 670211490
005 - FECHA Y HORA DE LA ÚLTIMA TRANSACCIÓN
control field 20190306113333.0
008 - DE LONGITUD FIJA DE DATOS DE ELEMENTOS - INFORMACIÓN GENERAL
Elementos de longitud fija [NR] 190306s2011 enk b 001 0 eng d
010 ## - NUMERO DE CONTROL DE LA BIBLIOTECA DEL CONGRESO (LC) [NR]
Número de control LC [NR] 2010041819
016 7# - NUMERO DE CONTROL DE AGENCIA BIBLIOGRAFICA NACIONAL [R]
Número de control [NR] 015351067
Fuente [NR] Uk
020 ## - NUMERO INTERNACIONAL NORMALIZADO PARA LIBROS [R]
ISBN Cancelado/ Invalidado [R] 9780415552257
020 ## - NUMERO INTERNACIONAL NORMALIZADO PARA LIBROS [R]
ISBN Cancelado/ Invalidado [R] 0415552257
020 ## - NUMERO INTERNACIONAL NORMALIZADO PARA LIBROS [R]
Número Internacional Normalizado del libro [NR] 9780203821831
020 ## - NUMERO INTERNACIONAL NORMALIZADO PARA LIBROS [R]
Número Internacional Normalizado del libro [NR] 9780415532464
020 ## - NUMERO INTERNACIONAL NORMALIZADO PARA LIBROS [R]
ISBN Cancelado/ Invalidado [R] 0203821831
035 ## - NUMERO DE CONTROL DEL SISTEMA [R]
Número de control del sistema [NR] (OCoLC)670211490
040 ## - FUENTE DE CATALOGACION [NR]
Agencia de catalogación original [NR] Co-BoUCM
Idioma de catalogación [NR] spa
Quien Cataloga Saul Niño
Quien Clasifica Saul Niño
041 0# - CODIGO DE IDIOMA [R]
Código de idioma para texto/pista de sonido o título separado [R] Inglés
100 1# - ASIENTO PRINCIPAL--NOMBRE PERSONAL [NR]
Nombre personal [NR] Rajan, V. G. Julie
ID Autoridad 95738
245 10 - MENCION DE TITULO [NR]
Título [NR] Women suicide bombers
Parte restante del título [NR] narratives of violence
Mención de responsabilidad, etc. [NR] V.G. Julie Rajan
260 ## - PUBLICACION, DISTRIBUCION, ETC. (PIE DE IMPRENTA) [R]
Lugar de publicación, distribución, etc. [R] Milton Park, Abingdon, Oxon
-- New York
Nombre del editor, distribuidor, etc. [R] Routledge
Fecha de publicación, distribución, etc. [R] 2011
300 ## - DESCRIPCION FISICA [R]
Extensión [R] xii, 384 páginas
490 0# - MENCION DE SERIE [R]
Mención de serie [R] Critical terrorism studies
505 0# - NOTA DE CONTENIDO CON FORMATO PREESTABLECIDO [R]
Nota de contenido con formato preestablecido [NR] Introduction: the phenomenon of women bombers. Suicide bombing 101 ; Colonialism and the global divide ; Violence, commodification, and global politics ; Femininity, violence, and agency ; Narrating women bombers: negotiated by and negotiating violence ; Chapter overview ; Methodology, challenges, and reflections -- 1. Mad, suicidal, and mentally challenged. The "native" Other: race, religion, and terrorism ; Deviance: the woman condition ; Women bombers: madness and monstrosity ; Abnormal and suicidal ; Unaware and mentally inept -- 2. The female body: sexuality, disease, and contagion. Voice, visibility, and jouissance ; Female sexuality = political agency ; The Third World woman: body, pop culture, and the femme fatale ; Sexual orientations: transexuals and cross-dressers ; Contagion and sexual borders: white women, conversion, and terrorism -- 3. "The Woman Question": women bombers as victims. "The Woman Question": imperial productions of femininity ; Veiled and silenced: victimizing Muslim women ; Raped and coerced ; Honor and redemption ; Poor and uneducated -- 4. Fabricating the female martyr: the Palestinian case. Historic anti-colonial nationalisms ; Modern anti-state nationalisms ; Women in rebel nations, and women rebels ; The Palestinian case -- 5. Mothers and the nation. Mother-as-nation: anti-colonial nationalism ; Mothers and martyrs ; Rebel projections of mother-and-child ; The Western lens: defining the moral maternal ; Disturbing mother figures ; Pregnancy, mimicry, and in-between ; Challenges and critiques.
546 ## - NOTA DE IDIOMA [R]
Nota de idioma [NR] Texto en inglés
650 #7 - ASIENTO SECUNDARIO DE MATERIA - TERMINO TEMATICO [R]
Término temático o nombre geográfico como elemento de entrada [NR] Suicidas
9 (RLIN) 24932
Subdivisión general [R] Mujeres
650 #7 - ASIENTO SECUNDARIO DE MATERIA - TERMINO TEMATICO [R]
Término temático o nombre geográfico como elemento de entrada [NR] Suicidas
9 (RLIN) 24932
Subdivisión general [R] Bombas explosivas
650 #7 - ASIENTO SECUNDARIO DE MATERIA - TERMINO TEMATICO [R]
Término temático o nombre geográfico como elemento de entrada [NR] Terroristas
9 (RLIN) 25430
Subdivisión general [R] Mujeres
650 #0 - ASIENTO SECUNDARIO DE MATERIA - TERMINO TEMATICO [R]
Término temático o nombre geográfico como elemento de entrada [NR] Organizaciones terroristas
9 (RLIN) 92961
Subdivisión de forma [R] Estudio de casos
650 #7 - ASIENTO SECUNDARIO DE MATERIA - TERMINO TEMATICO [R]
Término temático o nombre geográfico como elemento de entrada [NR] Mujeres
Subdivisión general [R] Aspectos sociales
Subdivisión de forma [R] Estudio de casos
9 (RLIN) 19882
830 #0 - ASIENTO SECUNDARIO DE SERIE--TITULO UNIFORME [R]
Título uniforme [NR] Critical terrorism studies.
9 (RLIN) 95739
942 ## - ELEMENTOS DE ENTRADA AGREGADOS (KOHA)
Sistema de clasificación DEWEY
Tema principal Sociología
Tipo de ítem principal el descrito en 300a Libro
Edición 1
Clasificación 363.325082
Parte restante de la signatura top. R161s
Existencias
Total préstamos Signatura topográfica Código de barras Última vez visto Ejemplar Costo de reposición Price effective from Tipo de ítem Perdido Sistema de clasificación Dañado No prestable Tipo de ítem específico Suprimido Ubicación habitual Ubicación actual Localización Fecha de creación Proveedor Forma de adquisición Costo
  363.325082 R161s 100159340 09/12/2025 Ej.1 158719.00 27/02/2019 Libro   DEWEY     Libro   Claustro Claustro 2do piso 27/02/2019 37 Compra 158719.00